| Tag |
First Indicator |
Second Indicator |
Subfields |
| LEADER |
00000ccm a2200000I 4500 |
| 001 |
in00001663122 |
| 005 |
20151023125434.0 |
| 008 |
720802s1970 enksga n eng |
| 010 |
|
|
|a 72207871
|
| 020 |
|
|
|a 0852490305
|
| 035 |
|
|
|a (OCoLC)ocm00371650
|
| 040 |
|
|
|a DLC
|c CIN
|d OCL
|d TXA
|d UtOrBLW
|
| 049 |
|
|
|a TXAM
|
| 050 |
0 |
0 |
|a M1621
|b .H
|a M1619.5.W62
|
| 090 |
|
|
|a M1621
|b .H748 op. 48
|
| 100 |
1 |
|
|a Holst, Gustav,
|d 1874-1934.
|
| 240 |
1 |
0 |
|a Songs,
|n op. 48
|
| 245 |
1 |
0 |
|a Twelve Humbert Wolfe songs /
|c Introduced by Imogene Holst.
|
| 264 |
|
1 |
|a Norfolk [England] :
|b Galliard,
|c [1970]
|
| 264 |
|
4 |
|c ©1970
|
| 300 |
|
|
|a 48 pages ;
|c 24 cm.
|
| 336 |
|
|
|a notated music
|b ntm
|2 rdacontent
|
| 337 |
|
|
|a unmediated
|b n
|2 rdamedia
|
| 338 |
|
|
|a volume
|b nc
|2 rdacarrier
|
| 500 |
|
|
|a For soprano with piano acc.
|
| 505 |
0 |
|
|a Persephone.--Things lovelier.--Now in these fairylands.--A little music.--The thought.--The floral bandit.--Envoi.--The dream-city.--Journey's end.--In the street of lost time.--Rhyme.--Betelgeuse.
|
| 536 |
|
|
|a Gift from the library of Frank and Elizabeth Coulter, December, 1999.
|
| 650 |
|
0 |
|a Songs (High voice) with piano.
|
| 600 |
1 |
0 |
|a Wolfe, Humbert,
|d 1885-1940
|x Musical settings.
|
| 700 |
1 |
|
|a Wolfe, Humbert,
|d 1885-1940.
|
| 740 |
0 |
|
|a Humbert Wolfe songs.
|
| 994 |
|
|
|a E0
|b TXA
|
| 948 |
|
|
|a cataloged
|b h
|c 2002/2/20
|d c
|e bhartsfi
|f 12:33:06 pm
|
| 999 |
|
|
|a MARS
|
| 999 |
f |
f |
|s ca3cddcf-190f-3dc4-b995-5b8572ea6356
|i 105ae717-c7cf-3610-8c8a-534d1839db11
|t 0
|
| 952 |
f |
f |
|p ric
|a Texas A&M University
|b Rellis Campus
|c Joint Library Facility
|d Remote Storage
|t 0
|e M1621 .H748 op. 48
|h Library of Congress classification
|i unmediated -- volume
|m A14828285786
|
| 998 |
f |
f |
|a M1621 .H748 op. 48
|t 0
|l Remote Storage
|